000 02038nam1a2200385 i 4500
001 RU\NLR\BIBL_A\011754310
005 20260408071759.0
010 _a9785970444597
_bжалпы
_91000
035 _a(NLR Aleph) 011754310
090 _a11644112
_c11644112
100 _a20180718d2018 um y0rusy50 ca
101 1 _akaz
_crus
102 _aRU
105 _a||||j||||||||
200 1 _aХирургиялық аурулар
_dХирургические болезни
_eоқулық
_eекi томдық
_f[акад. М.И. Кузин, проф. Н.М. Кузин, проф. П.С. Ветшев и др.]
_gредакциясын басқарған М.И. Кузин
_gқазақ тiлiне аударылған оқулықтың жалпы редакциясын басқарған А. Н. Баймаханов
_gМинистерство образования и науки РФ
_zrus
205 _a4-е изд., перераб. и доп.
210 _aМәскәу
_cГЭОТАР-Медиа
_d2018
215 _d25
300 _aАвт. указаны на обороте тит. л.
300 _aТекст на каз. яз.
510 1 _aХирургические болезни
_zrus
606 _aХирургические болезни
_jУчебники для высших учебных заведений
_9985984
_3RU\NLR\AUTH\6653611
686 _aР45я73-1
_2rubbk
686 1 _aР45я73-1
701 1 _aКузин
_bМ. И.
_f1916-2009
_gМихаил Ильич
701 1 _aКузин
_bН.М.
_f1951-
_gНиколай Михайлович
701 1 _aВетшев
_bП. С.
_gПетр Сергеевич
702 1 _aБаймаханов
_bА. Н.
_gАбылай Ниятович
_4730
712 0 1 _4570
_aРоссийская Федерация
_bМинистерство образования и науки
_3RU\NLR\AUTH\8810055913
_9612498
852 _aNLR
_jОНЛ
942 _cBOOK